| 000 | 00486nam a22001337a 4500 | ||
|---|---|---|---|
| 040 | _cNUST | ||
| 082 | _a220 PRO | ||
| 100 |
_aUsama Irfan Muhammad Zubair Muhammad Ahab Sultan Asbaat Ahmad _9100758 |
||
| 110 | _cProject Supervisor: Dr. Rashid Naseer | ||
| 245 | _aPR-SOF-2174- Design and Manufacturing of A Small-Scale Energy Harvesting Demonstration Model For Vibrations Lab | ||
| 260 |
_aISLAMABAD: _bNUST COLLEGE OF EME, _c2022. |
||
| 650 |
_aDE-MECH-40 _9100340 |
||
| 942 |
_2ddc _cPR |
||
| 999 |
_c591918 _d591918 |
||